000 00461nam a2200181Ia 4500
005 20250326144223.0
008 250326s9999 xx 000 0 und d
037 _aTextbook
040 _aFMSL
_beng
_cFMSL
041 _aeng
_2eng
084 _qFMSL
100 _aSulabha Bragme
_9749280
245 0 _aDistribution & consumption
_cSulabha Bragme
260 _aBombay
_bBombay, Asia
_c1967
300 _a148p
942 _cTB
999 _c1302851
_d1302851